000 01187nam a22003017a 4500
001 7209
003 FISKH
005 20250702144033.0
008 250702b cb ||||| |||| 00| 0 eng d
020 _a9781444009071
040 _aFISKH
_beng
_cFISKH
_dFISKH
050 _aPZ7.
082 _a823.92
100 _aSimon, Francesca
_d(1955-)
245 _aHorrid Henry's haunted house /
_cFrancesca Simon ; Illustrated by Tony Ross
250 _aThis edition first published in 2014
260 _aLondon :
_bOrion,
_c2014
300 _a76 pages
_bcolor illustrations ;
_c20 cm
505 _aL
520 _aEarly Readers are stepping stones from picture books to reading books. This Horrid Henry Early Reader is the next step on your reading journey. Horrid Henry can't believe his mean, horrible parents are forcing him to stay overnight at his slimy cousin Stuck-up Steve's house. And to make matters worse, Steve's house is HAUNTED. Or is it?
521 8 _a510
_bLexile
521 8 _aL
_bRaz-Plus
650 _2Children
_aChildren's literature
650 _2Fiction
_aBeginning Level
700 _aRoss, Tony
_dillustrator
942 _2ddc
_cBK
_n0
999 _c7209
_d7209